000
00281nam a2200121Ia 4500
008
191201s2012 xx 000 0 und d
100
_a
TANEJA, Satish
245
0
_a
Entrepreneur Development
260
_a
N. Delhi
_b
Galgotia
_c
2012
300
_a
486
650
_a
MBA
942
_2
ddc
_c
BK
999
_c
154
_d
154